| 000 | 02019nam a22003137a 4500 | ||
|---|---|---|---|
| 003 | PE SENCICO BE | ||
| 005 | 20251020182711.0 | ||
| 008 | 250127b |||||||| |||| 00| 0 eng d | ||
| 020 | _a978-9972-837-38-8 | ||
| 040 |
_aPE SENCICO BE _cPE SENCICO BE |
||
| 041 | _aspa | ||
| 245 | 1 |
_aForjando la nación peruana : _bel incaísmo y los idearios políticos de la República en los siglos XVIII-XX / _cRamón Mujica Pinilla, Roberto Amigo, Gustavo Buntinx, ... [y otros] |
|
| 250 | _a[1a ed.] | ||
| 260 |
_aLima : _bBanco de Crédito del Perú ; _c2021 |
||
| 300 |
_axxi, 321 páginas ; _bilustraciones a color, láminas ; _c30 cm. |
||
| 440 |
_9720 _aColección arte y tesoros del Perú |
||
| 505 | 0 | _aLa independencia del Perú: de la monarquía incásica a la república liberal -- De la esfera a los dos planetas: las Indias como planeta alternaivo desde la colonia a la independencia -- El sol de la ilustración y el espejo del inca en la imaginación ilustrada -- Artífices de la libertad: los pintores afroperuanos entre la independencia y la república -- Naturalistas y patriotas: imaginarios incaístas y cristianos en la construcción de la nación -- Patria, república y el camino a un inasible futuro promisorio -- La "estupenda catástrofe": los funerales de Atahualpa de Luis Montero -- Ruinas para edificar la nación: investigación y patrimonio arqueológico en el Perú del siglo XIX -- La representación de la nobleza incaica en el teatro sobre la independencia del Perú -- "Coloquio en Sacsayhuamán". Juan Manuel Figueroa y el avatar inkaico en el travestismo cultural cusqueño | |
| 650 | 1 | 0 |
_91480 _aIncas |
| 650 | 2 | 0 |
_9682 _aPintores |
| 650 | 2 | 0 |
_9707 _aHistoria |
| 650 | 2 | 0 |
_91366 _aÉpoca prehispánica |
| 650 | 2 | 0 |
_92881 _aÉpoca de la Emancipación, 1808-1824 |
| 651 | 0 |
_9661 _aPerú |
|
| 700 | 1 |
_92884 _aMujica Pinilla, Ramón _eautor |
|
| 700 | 1 |
_92882 _aAmigo, Roberto _eautor |
|
| 700 | 1 |
_92883 _aBuntinx, Gustavo _eautor |
|
| 910 |
_ahfp _bhfp _chfp |
||
| 942 |
_2ddc _cLIB |
||
| 999 |
_c5078 _d5078 |
||